000 00644nam a2200241Ia 4500
003 OSt
005 20221005065902.0
006 a|||||r|||| 00| 0
007 ta
008 221004b |||||||| |||| 00| 0 eng d
024 _a26215
037 _cTextual
040 _aCRL
_cCRL
_beng
041 _2eng
_aeng
082 _aV2:25xM69:g, N9
100 _aRafiq Zakaria
_913872
245 0 _aGandhi and the break-up of India
260 _aMumbai
_bBharatiya Vidya Bhavan
_c1999
300 _a304p.
_ccm.
650 _aINDIA - HISTORY
942 _hV2:25xM69:g, N9
_cTEXL
_2cc
999 _c975365
_d975365